University Home | Library Home | Institutional Repository

The white problem in America, (Record no. 201873)

MARC details
000 -LEADER
fixed length control field 00854cam5a220024100 4500
001 - CONTROL NUMBER
control field lce00586592
008 - FIXED-LENGTH DATA ELEMENTS--GENERAL INFORMATION
fixed length control field 711020r19661965ilu 000 0 eng
010 ## - LIBRARY OF CONGRESS CONTROL NUMBER
LC control number 66024412 //r872
035 ## - SYSTEM CONTROL NUMBER
System control number (Sirsi) r89732
035 ## - SYSTEM CONTROL NUMBER
System control number (DLC) 66024412 //r872
035 ## - SYSTEM CONTROL NUMBER
System control number (UPRA)lce00586592
043 ## - GEOGRAPHIC AREA CODE
Geographic area code n-us---
050 0# - LIBRARY OF CONGRESS CALL NUMBER
Classification number E185.615
Item number .E2
082 ## - DEWEY DECIMAL CLASSIFICATION NUMBER
Classification number 323.40973
130 0# - MAIN ENTRY--UNIFORM TITLE
Uniform title Ebony.
245 14 - TITLE STATEMENT
Title The white problem in America,
Statement of responsibility, etc. by the editors of Ebony.
260 ## - PUBLICATION, DISTRIBUTION, ETC.
Place of publication, distribution, etc. Chicago,
Name of publisher, distributor, etc. Johnson Pub. Co.,
Date of publication, distribution, etc. 1966.
500 ## - GENERAL NOTE
General note "First published as a special issue of Ebony magazine, August, 1965."
650 #0 - SUBJECT ADDED ENTRY--TOPICAL TERM
Topical term or geographic name entry element Afro-Americans -- Civil rights.
General subdivision Afro-Americans -- Civil rights.
Linkage S6491.1
651 #0 - SUBJECT ADDED ENTRY--GEOGRAPHIC NAME
Geographic name United States -- Race relations.
General subdivision United States -- Race relations.
Linkage S2873.1
949 ## - LOCAL PROCESSING INFORMATION (OCLC)
a E185.615
w lcc
i 33729002081508
m MAIN
t BOOK
l ON-SHELF

No items available.

© 2026 - The University of Zambia Library - Koha v25.11